Herľanský "Geyzir"
Zobrazenie: Pohľad z trávnika na striekajúci gejzír, za ním vpravo je skupinka troch ľudí. V pozadí vpravo je budova a vľavo sú stromy. V ľavom hornom rohu sú konáre s listami. V spodnej časti po celej šírke pohľadnice sa nachádza biely rámček
| Format: | Postcard |
|---|---|
| Language: | Slovak Hungarian |
| PhysicalDescription: | 1 pohľadnica čiernobiela 14 x 9 cm |
| Published: |
Herľany
E. Weiszberg
1924
|
| Subjects: |
MARC
| LEADER | 00000nkm a2200000 a 4500 | ||
|---|---|---|---|
| 001 | vtls012014866 | ||
| 003 | SK-MaSNL | ||
| 005 | 20260512122607.0 | ||
| 007 | kp bo | ||
| 008 | 231121s1924 xo g 00 kuslo | ||
| 015 | |a SNBG1924 | ||
| 035 | |a urn:nbn:sk:snk-km00coqi | ||
| 035 | |a 98D42C86-6548-457B-B505-48DA1DCFD3DE | ||
| 035 | |a urn:nbn:sk:snk-km45sa7 | ||
| 040 | |a SNK |b slo |c SNK |e AACR2 | ||
| 041 | 0 | |a slo |a hun | |
| 043 | |a e-xo--- | ||
| 044 | |a xo |c SK | ||
| 072 | 7 | |a 913 |x Regionálna geografia |2 konspekt | |
| 080 | |a 913(437.6) |2 2011 | ||
| 080 | |a 551.23(437.6) |2 2011 | ||
| 080 | |a (084.121) |2 2011 | ||
| 080 | |a 908(437.6) |2 2011 | ||
| 080 | |a 721 |2 2011 | ||
| 080 | |a 711.455:615.838 |2 2011 | ||
| 245 | 0 | 0 | |a Herľanský "Geyzir" |h [grafika] |
| 246 | 3 | 1 | |a Rankfüredi szökökút |
| 260 | |a Herľany |b E. Weiszberg |c 1924 | ||
| 300 | |a 1 pohľadnica |b čiernobiela |c 14 x 9 cm | ||
| 500 | |a Názvové údaje prevzaté z obrazovej časti dokumentu | ||
| 500 | |a Číslo záberu 10017 | ||
| 520 | 8 | |a Zobrazenie: Pohľad z trávnika na striekajúci gejzír, za ním vpravo je skupinka troch ľudí. V pozadí vpravo je budova a vľavo sú stromy. V ľavom hornom rohu sú konáre s listami. V spodnej časti po celej šírke pohľadnice sa nachádza biely rámček | |
| 546 | |a Súbežný názov maďarsky | ||
| 650 | 0 | 7 | |a gejzíry |2 SNKPH |9 30753 |
| 650 | 0 | 7 | |a budovy |2 SNKPH |9 1283 |
| 650 | 0 | 7 | |a kúpele |2 SNKPH |9 1139 |
| 651 | 7 | |a Herliansky gejzír (Herľany, Slovensko) |2 SNKPHgeo |9 162091 | |
| 655 | 7 | |a geografické pohľadnice |2 SNKPH |9 70522 | |
| 655 | 7 | |a miestne pohľadnice |2 SNKPH |9 70510 | |
| 852 | |a Slovenská národná knižnica | ||
| 958 | |a OND | ||
| 958 | |a GBN | ||
| 958 | |a GC | ||
| 958 | |a EUIPO | ||
| 999 | |c 611067 |d 612997 | ||
| 952 | |a SNK |b SNK |y PREZ |7 0 |p 17A1216199 |o snkSP 6622 |0 0 |1 0 |4 0 |d 2021-02-17 |f 1 |l 0 |r 2026-02-23 16:23:02 |w 2026-02-23 | ||


